000 00473nam a2200193Ia 4500
003 0100
008 130303s9999 xx 000 0 und d
040 _cARRUPELIB
050 _aBX830.1962A8S2736 1967
100 _aSchillebeeckx, Edward C.F.A
245 4 _aThe real achievement of Vatican II
260 _aNew York
260 _bHerder & Herder
260 _C1967
300 _aviii
300 _b 99 p. 21 cm
700 _aVaughan, H.J.J (tr.)
942 0 0 _03
999 _c37525
_d37525